Riadenie a rozvoj vybraných marketingových aktivít v podnikateľskom subjekte : Bakalárska práca

Na minha lista:
Detalhes bibliográficos
Autor principal: Kubicová, Martina (Author)
Outros Autores: Burcl, Rudolf, 1933- (xxx)
Formato: Manuscrito Livro
Idioma:eslovaco
Publicado em: Trnava : STU v Bratislave MtF KPIM, 2006
Assuntos:
Tags: Adicionar Tag
Sem tags, seja o primeiro a adicionar uma tag!

MARC

LEADER 00000ntm a22000003a 4500
001 stu129050
005 20160719155627.1
008 061031s2006----xo------------------slo-d
040 |a STU  |b slo 
041 0 |a slo 
044 |a xo 
100 1 |a Kubicová, Martina  |4 aut 
245 1 |a Riadenie a rozvoj vybraných marketingových aktivít v podnikateľskom subjekte :  |b Bakalárska práca 
260 |a Trnava :  |b STU v Bratislave MtF KPIM,  |c 2006 
300 |a 46 s  |c príl (1 CD-ROM) 
650 7 |a priemyselné inžinierstvo a manažment  |2 stusub 
650 7 |a marketing  |2 estusub 
700 1 |a Burcl, Rudolf,  |d 1933-  |4 xxx  |u M190  |U MTF Materiálovotechnologická fakulta  |T MTF Katedra priemyselného inžinierstva a manažmentu  |X 1534  |U M190  |Y 167  |7 A000001534 
996 |b 284M074531  |c M*BP-1877  |l MMSKP  |s P  |a 0  |w stu129050_0001